| 000 -LEADER | |
|---|---|
| fixed length control field | 00422nam a22001697a 4500 |
| 005 - DATE AND TIME OF LATEST TRANSACTION | |
| control field | 20160624141722.0 |
| 008 - FIXED-LENGTH DATA ELEMENTS--GENERAL INFORMATION | |
| fixed length control field | 160624b xxu||||| |||| 00| 0 eng d |
| 020 ## - INTERNATIONAL STANDARD BOOK NUMBER | |
| ISBN | 81-7273-234-2 |
| 041 ## - LANGUAGE CODE | |
| Language code of text/sound track or separate title | eng |
| 082 ## - DEWEY DECIMAL CLASSIFICATION NUMBER | |
| Item number | 9847 |
| 100 ## - MAIN ENTRY--AUTHOR NAME | |
| Personal name | Chakravarthy, Jagadish |
| 245 ## - TITLE STATEMENT | |
| Title | Cyber Media Journalism Emarging Technologics |
| 260 ## - PUBLICATION, DISTRIBUTION, ETC. (IMPRINT) | |
| Name of publisher | Authors Press |
| 300 ## - PHYSICAL DESCRIPTION | |
| Number of Pages | 260 |
| 650 ## - SUBJECT ADDED ENTRY--TOPICAL TERM | |
| Topical Term | Mass Communication |
| 942 ## - ADDED ENTRY ELEMENTS (KOHA) | |
| Koha item type | Books |
| Lost status | Damaged status | Home library | Current library | Shelving location | Date acquired | Cost, normal purchase price | Full call number | Accession Number | Koha item type |
|---|---|---|---|---|---|---|---|---|---|
| JRU Library | SHELF-32-G | 24/06/2016 | 250.00 | 9847 | 9847 | Books | |||
| JRU Library | SHELF-32-G | 24/06/2016 | 250.00 | 9847 | 9848 | Books | |||
| JRU Library | SHELF-32-G | 24/06/2016 | 250.00 | 9847 | 9849 | Books | |||
| JRU Library | SHELF-32-G | 24/06/2016 | 250.00 | 9847 | 9850 | Books |